Psychology and human behaviour/ (Record no. 34646)

MARC details
000 -LEADER
fixed length control field 00799nam a22002177a 4500
005 - DATE AND TIME OF LATEST TRANSACTION
control field 20100313142719.0
008 - FIXED-LENGTH DATA ELEMENTS--GENERAL INFORMATION
fixed length control field 100313t xxu||||| |||| 00| 0 eng d
010 ## - LCCN (DPL NO)
LC control number ENG-95881
020 ## - INTERNATIONAL STANDARD BOOK NUMBER
International Standard Book Number 9788184551327
Terms of availability 750.00
035 ## - SYSTEM CONTROL NUMBER
System control number EN-79414
037 ## - SOURCE OF ACQUISITION
Source of stock number/acquisition DBAD/PUB
040 ## - CATALOGING SOURCE
Original cataloging agency DPL
245 ## - TITLE STATEMENT
Title Psychology and human behaviour/
Statement of responsibility, etc edited by K. C. Dubey
260 ## - PUBLICATION, DISTRIBUTION, ETC. (IMPRINT)
Place of publication, distribution, etc New Delhi
Name of publisher, distributor, etc Omega Publications
Date of publication, distribution, etc 2009
270 ## - ADDRESS
Address 4378/4B, G-4 JMD House, Gali Murari Lal, Ansari Road, Daryaganj
City New Delhi
Postal code 110002
300 ## - PHYSICAL DESCRIPTION
Extent vi, 288p :
Dimensions 23 cm. (Hb)
Accompanying material index from page 285 to 288
700 ## - ADDED ENTRY--PERSONAL NAME
Personal name Dubey, K. C.
700 ## - ADDED ENTRY--PERSONAL NAME
Personal name Prakasam, V.
942 ## - ADDED ENTRY ELEMENTS (KOHA)
Source of classification or shelving scheme Dewey Decimal Classification
Item type English Books
Call number suffix DUB
Holdings
Withdrawn status Lost status Source of classification or shelving scheme Materials specified (bound volume or other part) Damaged status Not for loan Collection code Home library Current library Date acquired Source of acquisition Cost, normal purchase price Total Checkouts Full call number Barcode Date last seen Copy number Cost, replacement price Koha item type
    Dewey Decimal Classification Hb   Not For Loan Non-fiction D.B.Act.Division D.B.Act.Division 13/03/2010 DBAD/PUB 750.00   DUB EN-79414 13/03/2010 1 750.00 English Books

© Delhi Public Library
Hit Counter
free hit counter